Improving the trade and industrial structure-the right way for reforming the south Korean economy?

Analýza príčin vzniku finančnej krízy v Kórei. Reformný program a účinnosť využívaných nástrojov na riešenie finančnej krízy (vrátane tzv. Bailoutovho programu MMF).

Na minha lista:
Detalhes bibliográficos
Autor principal: Baláž, Peter
Formato: Capítulo de Livro
Idioma:inglês
Assuntos:
Tags: Adicionar Tag
Sem tags, seja o primeiro a adicionar uma tag!

MARC

LEADER 00000naa a2200000 4500
001 r037220
005 20230918075908.2
041 0 |a eng 
044 |a SK 
245 1 0 |a Improving the trade and industrial structure-the right way for reforming the south Korean economy?  |c Peter Baláž 
520 |a Analýza príčin vzniku finančnej krízy v Kórei. Reformný program a účinnosť využívaných nástrojov na riešenie finančnej krízy (vrátane tzv. Bailoutovho programu MMF). 
610 2 0 |a kríza finančná 
610 2 0 |a vývoj hospodársky 
610 2 0 |a Južná Kórea 
610 2 0 |a zadlženosť zahraničná 
610 2 0 |a analýzy 
610 2 0 |a zmeny štruktúrne 
610 2 0 |a pomoc hospodárska 
100 1 |a Baláž, Peter